000 00658nam a2200229 i 4500
001 bg
100 1 _aPOHL, Zbigniew
245 1 0 _aIzolatory elektroenergetyczne /
_cZbigniew Pohl.
260 _aWrocław :
_bOficyna Wydawnicza Politechniki Wrocławskiej,
_c1995.
300 _a190 s. :
_bfot., rys., wykr. ;
_c24 cm.
504 _aBibliogr. s. 185-190.
650 9 _aIzolatory
650 9 _aSieć elektryczna
_xurządzenia
650 9 _aTechnika wysokich napięć
020 _a8370851886
040 _cBPK
041 0 _apol
080 _a621.315.6:621.316
920 _a83-7085-188-6
942 _cKS
008 s pl f |000 0 pol
999 _c31040
_d31040
856 _uhttp://koha.tu.koszalin.pl/cgi-bin/koha/opac-detail.pl?biblionumber=31040
_yKatalog online BPK